000 00898cam a2200253 4500
002 6704
008 040426n2001 000 0 eng u
020 _a011702855X
035 _a(Sirsi) u125950
041 _aeng
050 _a692.5
_c18
110 _aCarillion Services
_93856
245 _aPSA schedule of rates for electrical services
_bfourth edition 2002
250 _a4th ed.
260 _aLondon
_bStationery Office
_c2001
300 _a335p.
_c31cm.
350 _a165
520 _aThis price guide covers all aspects of electrical work, including the installation of fire alarms and public address systems and the provision of aviation and ground lighting, with rates for testing and inspection.
650 _aELECTRICAL SERVICES
650 _aPSA SCHEDULE OF RATES
650 _aBUILT ENVIRONMENT-BUILDING COSTS
690 _aBUILT ENVIRONMENT-BUILDING COSTS
942 _n0
999 _c103521
_d103521